| 000 | 00720nam a22002297a 4500 | ||
|---|---|---|---|
| 999 |
_c415 _d415 |
||
| 003 | AR-CdUCM | ||
| 008 | 190223b ||||| |||| 00| 0 spa d | ||
| 020 | _a8470760203 | ||
| 040 |
_aMUNICIPALIDAD PROVINCIAL DEL CUSCO _cBIBLIOTECA MUNICIPAL DEL CUSCO |
||
| 082 |
_a858.8 / _bSA164 |
||
| 100 |
_aSalgari, Emilio _9800 |
||
| 245 | _aLos Estranguladores / | ||
| 260 |
_aMadrid : _bGahe, _c1975. |
||
| 300 |
_a153 paginas ; _b7 Ilustraciones. _c20 cm. |
||
| 505 | _aEl "Mariana" -- El rapto de Damna -- Tremal-Naik -- El " Manti" -- La bayadera... | ||
| 650 |
_aDolor _91642 |
||
| 650 |
_aMiserables _91643 |
||
| 650 |
_aCazadores _91057 |
||
| 650 |
_aBestias _91644 |
||
| 942 |
_2ddc _cLIBROS |
||
| 945 |
_awnts _d2019-02-23 |
||